| 000 | 00444nam a2200169Ia 4500 | ||
|---|---|---|---|
| 008 | 230524s9999 xx 000 0 und d | ||
| 082 |
_a4.6 _bIRE |
||
| 100 | _aR.Duane Ireland | ||
| 245 | 0 | _aStrategic Management (India Edition) | |
| 250 | _aIST | ||
| 260 |
_aNEW DELHI _bCengage _c2009 |
||
| 300 | _aVIII;587 | ||
| 500 | _aQuantity Number: 2 | ||
| 650 | _aManagement | ||
| 700 | _a" Robert E.Hoskisson , Michael A.Hitt,,," | ||
| 942 | _cBK | ||
| 999 |
_c46560 _d46560 |
||